00267nam a2200109Ia 4500008004100000082001400041082000800055245005700063245001400120260001400134300000900148231017s9999 xx 000 0 und d a620.13623 bFER 0aAlkali-Silica Reaction and High Performance Concrete 0cChiara F. bChiara F. c30cm